Harry Potter - Großes Häuserquiz - Statistiken

Allgemein
  • Dieses Quiz wurde 1.034 mal gespielt
  • Das Durchschnittsergebnis liegt bei 22 aus 36
Antwortstatistiken
Antworten Häuser % Korrekt
Hufflepuff
96%
Ravenclaw
96%
Slytherin
96%
Schlange
94%
Häuser Gryffindor
92%
Löwe
89%
Wappentier Dachs
81%
Severus Snape / Horace Slughorn
74%
Feuer
73%
Adler
72%
Wasser
72%
Element Erde
71%
Luft
71%
Eingang zum Gemeinschaftsraum durch ein/eine... Porträt
71%
Helga Hufflepuff
70%
Salazar Slytherin
69%
Rot - Gold
66%
Hausgeist Der fast kopflose Nick
64%
Gründer Godric Gryffindor
63%
Hauslehrer Minerva McGonagall
63%
Grün - Silber
62%
Farbkombination Gelb - Schwarz
57%
Rowena Ravenclaw
55%
Der Blutige Baron
53%
Tür
50%
Schutzmaßnahme des Gemeinschaftsraums Passwort
44%
Passwort
44%
Filius Flitwick
43%
Die graue Dame
38%
Rätsel / Frage
36%
Der fette Mönch
35%
Blau - Bronze
33%
Pomona Sprout
29%
Steinmauer
28%
Fass
24%
Klopfen
12%
Keine übereinstimmenden Quizze gefunden
Verteilung der Resultate
Anzahl Personen mit jedem Resultat
Perzentil nach korrekt beantworteten Fragen
Ihre Resultats-Entwicklung
Sie haben dieses Quiz noch nicht gespielt